00389nam a2200133Ia 4500020000900000082003000009100003000039245005600069260005100125300000900176526003700185650002500222650000800247 a(hb) a297.77bBAScL-30ii,P-100 aBashumail, Muhammad Ahmad aThe Great battle of BadrcBashumail, Muhammad Ahmad aLahore :bIslamic Publications Limited ,c1970 a215p a0b0c0d297_770000000000000_BAS aBadr, Battle of- 624 aMCE